000 00801nam a2200217 i 4500
001 bg
245 1 0 _aCambridge first certificate in English 6 :
_bteacher's book : examination papers from University of Cambridge ESOL examinations ; English for speakers of other languages.
260 _aCambridge :
_bCambridge University Press,
_c2003.
300 _a[4], 89 s. ;
_c25 cm.
650 9 _aEgzaminy
_xszkolnictwo wyższe
650 9 _aJęzyk angielski
_xnauczanie
655 _aĆwiczenia i zadania
020 _a0521754461 (Teacher's book)
040 _cBPK
041 0 _aeng
080 _a811.111(076):371.279.6
920 _a0-521-75446-1 (Teacher's book)
942 _cKS
008 s pl f |000 0 pol
999 _c44422
_d44422